দক্ষিণ ও দক্ষিণ-পূর্ব এশিয়া : (Record no. 39970)
[ view plain ]
| 000 -LEADER | |
|---|---|
| fixed length control field | 01019nam a2200241 a 4500 |
| 001 - CONTROL NUMBER | |
| control field | 39970 |
| 003 - CONTROL NUMBER IDENTIFIER | |
| rucl marc code | BD-RjUL |
| 005 - DATE AND TIME OF LATEST TRANSACTION | |
| control field | 20211209053116.0 |
| 008 - FIXED-LENGTH DATA ELEMENTS--GENERAL INFORMATION | |
| fixed length control field | 160420r20081997bg ||||| |||| 00| 0 ben d |
| 020 ## - INTERNATIONAL STANDARD BOOK NUMBER | |
| Terms of availability | : TK 260.00 |
| 035 ## - SYSTEM CONTROL NUMBER | |
| System control number | (BD-RjUL)40084 |
| 040 ## - CATALOGING SOURCE | |
| Original cataloging agency | BD-RjUL |
| Language of cataloging | ben |
| Transcribing agency | BD-RjUL |
| 041 ## - LANGUAGE CODE | |
| Language code of text/sound track or separate title | ben |
| 082 ## - DEWEY DECIMAL CLASSIFICATION NUMBER | |
| Edition number | 23 |
| Classification number | 320.959 |
| Author mark and year | VUD 2008 |
| 100 ## - MAIN ENTRY--PERSONAL NAME | |
| Personal name | ভুঁইয়া, আবদুল ওদুদ |
| 9 (RLIN) | 123108 |
| 245 10 - TITLE STATEMENT | |
| Title | দক্ষিণ ও দক্ষিণ-পূর্ব এশিয়া : |
| Remainder of title | সমাজ ও রাজনীতি / |
| Statement of responsibility, etc. | আবদুল ওদুদ ভুঁইয়া |
| 260 ## - PUBLICATION, DISTRIBUTION, ETC. (IMPRINT) | |
| Place of publication, distribution, etc. | ঢাকা : |
| Name of publisher, distributor, etc. | আজিজিয়া বুক ডিপো, |
| Date of publication, distribution, etc. | ২০০৮ |
| 300 ## - PHYSICAL DESCRIPTION | |
| Pagination | [৮], ৪৮০ পৃ. ; |
| Size | ২২ সেমি |
| 504 ## - BIBLIOGRAPHY, ETC. NOTE | |
| Bibliography, etc | গ্রন্থপঞ্জি সম্বলিত |
| 650 ## - SUBJECT ADDED ENTRY--TOPICAL TERM | |
| Topical term or geographic name as entry element | সরকার ও রাজনীতি |
| Geographic subdivision | দক্ষিণ এশিয়া |
| 9 (RLIN) | 123109 |
| Topical term or geographic name as entry element | Government and Politics |
| 9 (RLIN) | 123110 |
| 942 ## - ADDED ENTRY ELEMENTS (KOHA) | |
| Source of classification or shelving scheme | Dewey Decimal Classification |
| Koha item type | Books |
| Lost status | Source of classification or shelving scheme | Damaged status | Not for loan | Collection code | Permanent Location | Current Location | Shelving location | Date acquired | Source of acquisition | Cost, normal purchase price | Total Checkouts | Full call number | Date last seen | Copy number | Koha item type |
|---|---|---|---|---|---|---|---|---|---|---|---|---|---|---|---|
| Dewey Decimal Classification | Not For Loan | Non-fiction | Central Library, University of Rajshahi | Central Library, University of Rajshahi | Reading Room | 18/03/2009 | Dhaka, Nawroge Kitabstan | 260.00 | B 320.959 VUD 2008 | 20/04/2016 | C-1 | Books |